000 00555nam a22002177a 4500
003 UA-OsUOA
001 49298
007 ta
008 20070927b un ||||| |||| 00| 0 ukr d
090 _a01
_bВ42
942 _cBK
040 _aUA-OsUOA
_bukr
_cUA-OsUOA
_dUA-OsUOA
245 _aВидання АН УРСР
300 _a648 с.
955 _a1
041 _aukr
080 _a01
260 _aК.
_bНаукова думка
_c1969
650 7 _a01 Бібліографія і бібліографії. Каталоги
_2UDC
999 _c335406
_d335406